« Retourner aux résultats de recherche
Baby clash
comment protéger son couple après bébé
| Auteur principal: | Mélina Lecluze Amorotti |
|---|---|
| Support: | Livres |
| Langue: | Francais |
| Genre: |
Documentaire |
| Sujets: | |
| Étiquettes: |
Ajouter
Pas de Tags !
|
| LEADER | 00856nam0a2200181 450 | ||
|---|---|---|---|
| 001 | 16847913 | ||
| 010 | |a 978-2-03-604012-0 |b br. |d 16,95 | ||
| 100 | |a 20221114d2023 u u0frey01 ba | ||
| 101 | 0 | |a fre | |
| 102 | |a FR | ||
| 200 | 0 | |a Baby clash |e comment protéger son couple après bébé |f Mélina Lecluze Amorotti, créatrice de @la_famille_tortue | |
| 207 | 1 | |a | |
| 215 | |a 1 vol. (160 p.) |d 22 x 18 cm | ||
| 330 | |a L'auteure témoigne de sa grossesse tumultueuse et de l'impact du bébé sur son couple. Elle donne des conseils psychologiques ainsi que des outils thématiques sur la PMA, la charge mentale ou encore la déconnexion parentale. | ||
| 700 | 0 | |a Lecluze Amorotti |b Mélina |4 70 | |
| 900 | |a Documentaire | ||
| 901 | |a Accessible au prêt | ||
| 995 | |a Bibliothèque |c Bibliothèque |f 00156012319968 |h 00156012319968 |k 155.646 LEC |o p |q a |r az |e Bibliothèque | ||
